00488nam a2200157Ia 4500008004100000020001500041082001400056100002300070245007000093250000800163260003900171300003000210500001900240600002100259650005000280240925s9999 xx 000 0 und d a8177589938 a004.22STA aStallings, William 0aComputer Organization and Architecture: designing for performance a7th aIndia:bDorling Kindersleyc,2006. axxiii,993p.bNAfOriginal aIncludes Index aComputer Science aComputer science, information & general works